6-Letter Geography Chain #2 - Statistics

General Stats
  • This quiz has been taken 71,112 times
  • The average score is 16 of 22
Answer Stats
Hint Answer % Correct
Capital of Portugal Lisbon
97%
England's oldest University Oxford
95%
Paris's most famous tower Eiffel
93%
One of the continents Europe
93%
Where Buckingham Palace can be found London
92%
Famous for fjords Norway
92%
Third-largest city in Italy Naples
90%
Largest U.S. state by area Alaska
89%
World's largest non-polar desert Sahara
89%
Official language of Egypt Arabic
87%
Its official name is "Republic of China" Taiwan
81%
Topeka is the capital of this state Kansas
70%
Resident of Ulaanbaatar Mongol
67%
Indigenous religion of Japan Shinto
63%
Major city in New Jersey Newark
60%
Primary export of Ethiopia Coffee
55%
Opposite of occident Orient
54%
Native American tribe of the Southwest U.S. Navajo
52%
One of China's five allowed religions Taoism
46%
War-torn region of Sudan Darfur
44%
Notable invasive species in Australia Rabbit
42%
City formerly known as Rangoon Yangon
38%
No matching quizzes found
Score Distribution
Percent of People with Each Score
Percentile by Number Answered
Your Score History
You have not taken this quiz